[Event "Yuzhny FO-ch op"]
[Site "Armavir"]
[Date "2015.02.??"]
[Round "2"]
[White "Airapetian, Eduard"]
[Black "Nikolaev, Valerij"]
[Result "1-0"]
[WhiteElo "2043"]
[BlackElo "1779"]
[PlyCount "77"]
[EventDate "2015.02.13"]
[EventType "swiss"]
[EventRounds "9"]
[EventCountry "RUS"]
[SourceTitle "CBM 165 Extra"]
[Source "ChessBase"]
[SourceDate "2015.04.21"]
[SourceVersion "1"]
[SourceVersionDate "2015.04.21"]
[SourceQuality "1"]

1. c4 e5 2. Nc3 b6 3. Nf3 d6 4. d4 Nd7 5. dxe5 dxe5 6. Qd5 Ba6 7. Nxe5 Nxe5 8. Qxe5+ Qe7 9. Qxe7+ Bxe7 10. e3 Bb4 11. Bd2 Rd8 12. 0-0-0 Nf6 13. f3 c6 14. a3 Be7 15. e4 Nd7 16. Bf4 Nc5 17. Rxd8+ Kxd8 18. Kc2 Kc8 19. Be2 Ne6 20. Be3 g5 21. Rd1 h5 22. b4 Kc7 23. c5 Bxe2 24. cxb6+ axb6 25. Nxe2 Ra8 26. Kb3 Rg8 27. a4 Rb8 28. Nd4 Nxd4+ 29. Bxd4 Kc8 30. Be3 Rb7 31. b5 cxb5 32. axb5 f6 33. Rc1+ Kd7 34. Rc6 Bd8 35. Bd4 Rc7 36. Bxf6 Rxc6 37. bxc6+ Kc7 38. Bxd8+ Kxd8 39. Kc4 1-0

[Event "Yuzhny FO-ch op"]
[Site "Armavir"]
[Date "2015.02.??"]
[Round "8"]
[White "Airapetian, Eduard"]
[Black "Smirnov, Alexander V"]
[Result "1/2-1/2"]
[WhiteElo "2043"]
[BlackElo "2003"]
[PlyCount "92"]
[EventDate "2015.02.13"]
[EventType "swiss"]
[EventRounds "9"]
[EventCountry "RUS"]
[SourceTitle "CBM 165 Extra"]
[Source "ChessBase"]
[SourceDate "2015.04.21"]
[SourceVersion "1"]
[SourceVersionDate "2015.04.21"]
[SourceQuality "1"]

1. e4 e6 2. d4 d5 3. Nc3 dxe4 4. Nxe4 Nd7 5. Nf3 Ngf6 6. Nxf6+ Nxf6 7. Bf4 c5 8. Bb5+ Bd7 9. Bxd7+ Qxd7 10. dxc5 Qb5 11. b3 Rd8 12. Qe2 Qxe2+ 13. Kxe2 Bxc5 14. Rad1 Ke7 15. Bg5 h6 16. Bxf6+ Kxf6 17. Ne1 e5 18. f3 Ke6 19. c4 f5 20. Nd3 Bd4 21. Rb1 g5 22. Nb4 Rc8 23. Nc2 Bb6 24. Rhd1 Rhg8 25. Rd5 Rgd8 26. Rbd1 Rxd5 27. Rxd5 Rc5 28. Rxc5 Bxc5 29. Kd3 Kd6 30. h3 h5 31. Ne1 Bf2 32. Nc2 a5 33. a3 Kc6 34. b4 b6 35. Ke2 Bg1 36. Ne3 Bxe3 37. Kxe3 axb4 38. axb4 h4 39. Kd3 Kd6 40. Ke3 Ke6 41. Kf2 Kd6 42. g4 hxg3+ 43. Kxg3 Ke6 44. Kf2 Kd6 45. Ke3 Ke6 46. Kf2 Kd6 1/2-1/2

[Event "Sochi Tseshkovsky Memorial op"]
[Site "Sochi"]
[Date "2014.09.21"]
[Round "5"]
[White "Skripnikov, Velori"]
[Black "Airapetian, Eduard"]
[Result "0-1"]
[WhiteElo "1799"]
[BlackElo "2041"]
[PlyCount "92"]
[EventDate "2014.09.17"]
[EventType "swiss"]
[EventRounds "9"]
[EventCountry "RUS"]
[SourceTitle "CBM 162 Extra"]
[Source "ChessBase"]
[SourceDate "2014.10.17"]
[SourceVersion "1"]
[SourceVersionDate "2014.10.17"]
[SourceQuality "1"]

1. e4 c5 2. Nc3 g6 3. g3 Bg7 4. Bg2 Nc6 5. d3 e6 6. f4 Nge7 7. e5 d6 8. exd6 Qxd6 9. Ne4 Qc7 10. c3 b6 11. Nf3 Bb7 12. Qe2 h6 13. Be3 Nd5 14. Bd2 Rd8 15. Nf2 0-0 16. 0-0 Rfe8 17. Qd1 Rd7 18. Qc2 Red8 19. Rfe1 Kh7 20. Rad1 Re7 21. a3 f5 22. c4 Nd4 23. Nxd4 cxd4 24. Qb3 Nf6 25. Bxb7 Qxb7 26. Bb4 Ree8 27. Re2 Qc6 28. Rde1 a5 29. Bd2 Nd7 30. Qd1 a4 31. b4 axb3 32. Qxb3 Kg8 33. a4 Kf7 34. Qb5 Qxb5 35. axb5 Ra8 36. Bb4 Bf8 37. Bxf8 Nxf8 38. Kg2 Nd7 39. Nh3 Ra3 40. Rd1 Nc5 41. Red2 Rea8 42. Ng1 Ra2 43. Kh3 g5 44. Ne2 Nb3 45. Rxa2 Rxa2 46. Re1 Nc5 0-1

[Event "Sochi Tseshkovsky Memorial op"]
[Site "Sochi"]
[Date "2014.09.20"]
[Round "4"]
[White "Airapetian, Eduard"]
[Black "Gubernatorov, Sergey"]
[Result "0-1"]
[WhiteElo "2041"]
[BlackElo "2283"]
[PlyCount "78"]
[EventDate "2014.09.17"]
[EventType "swiss"]
[EventRounds "9"]
[EventCountry "RUS"]
[SourceTitle "CBM 162 Extra"]
[Source "ChessBase"]
[SourceDate "2014.10.17"]
[SourceVersion "1"]
[SourceVersionDate "2014.10.17"]
[SourceQuality "1"]

1. c4 Nf6 2. Nc3 d5 3. cxd5 Nxd5 4. Nf3 c5 5. g3 Nc6 6. Bg2 Nc7 7. 0-0 e5 8. d3 Be7 9. b3 0-0 10. Bb2 f6 11. Rc1 b6 12. Ne1 Bb7 13. Nc2 Qd7 14. Ne3 Nd8 15. Qc2 Bxg2 16. Nxg2 Nc6 17. a3 Nd4 18. Qd1 Qe6 19. b4 cxb4 20. axb4 Bxb4 21. e3 Nb3 22. Rb1 Be7 23. Ne2 Na5 24. d4 Rfd8 25. Qc2 Rac8 26. dxe5 fxe5 27. Qe4 Nc4 28. Bc3 Nd5 29. Be1 Nf6 30. Qb7 Qd7 31. Qxd7 Rxd7 32. Rc1 b5 33. Bc3 Rcd8 34. Rb1 a6 35. h3 Ne4 36. Rbc1 Ned2 37. Bxd2 Nxd2 38. Rfe1 Nf3+ 39. Kf1 Nxe1 0-1

[Event "Lazarevskoe op"]
[Site "Lazarevskoe"]
[Date "2014.06.20"]
[Round "?"]
[White "Natacheev, Peter"]
[Black "Airapetian, Eduard"]
[Result "0-1"]
[WhiteElo "2246"]
[BlackElo "2016"]
[PlyCount "118"]
[EventDate "2014.06.14"]
[EventType "swiss"]
[EventRounds "9"]
[EventCountry "RUS"]
[SourceTitle "EXT 2015"]
[Source "ChessBase"]
[SourceDate "2014.11.20"]
[SourceVersion "1"]
[SourceVersionDate "2014.11.20"]
[SourceQuality "1"]

1. e4 c5 2. Nf3 Nc6 3. g3 g6 4. Bg2 Bg7 5. 0-0 e6 6. d3 Nge7 7. c4 0-0 8. Nc3 h6 9. Be3 Nd4 10. Qd2 Kh7 11. h4 d5 12. cxd5 exd5 13. Bxd4 cxd4 14. Ne2 dxe4 15. dxe4 Nc6 16. Rfd1 Bg4 17. Rac1 Qb6 18. Nf4 Bxf3 19. Bxf3 h5 20. Bg2 Bh6 21. Qe2 Bxf4 22. gxf4 Qd8 23. e5 Rc8 24. Be4 Qxh4 25. Qf3 Nxe5 26. Qg3 Qxg3+ 27. fxg3 Rxc1 28. Rxc1 Nc6 29. Kf2 Kg7 30. Rc4 Rd8 31. Ke2 Rd6 32. a3 Kf6 33. b4 a6 34. Kd3 Ke6 35. a4 Kd7 36. b5 axb5 37. axb5 Nd8 38. Bg2 b6 39. Ra4 Ne6 40. Bc6+ Ke7 41. Ra7+ Kf8 42. Kd2 Nd8 43. Be4 Kg7 44. Bd3 Kf6 45. Be2 Kf5 46. Kd3 h4 47. gxh4 Kxf4 48. Ra1 f5 49. Rf1+ Ke5 50. h5 g5 51. Bd1 Ne6 52. Kc4 Nc5 53. Rh1 Rh6 54. Be2 g4 55. Rd1 Ne6 56. Re1 Kf6 57. Rf1 Kg5 58. Re1 Nf4 59. Bd1 d3 0-1

[Event "Armavir-ch"]
[Site "Armavir"]
[Date "2014.05.06"]
[Round "7"]
[White "Tvelov, Boris"]
[Black "Airapetian, Eduard"]
[Result "0-1"]
[WhiteElo "1801"]
[BlackElo "2032"]
[PlyCount "68"]
[EventDate "2014.04.30"]
[EventType "swiss"]
[EventRounds "9"]
[EventCountry "RUS"]
[SourceTitle "CBM 160 Extra"]
[Source "ChessBase"]
[SourceDate "2014.07.01"]
[SourceVersion "1"]
[SourceVersionDate "2014.07.01"]
[SourceQuality "1"]

1. e4 c5 2. Nf3 b6 3. d4 cxd4 4. Nxd4 Bb7 5. Nc3 e6 6. Ndb5 d6 7. f3 a6 8. Nd4 Nd7 9. Bc4 Ngf6 10. Bg5 Rc8 11. Bxe6 fxe6 12. Nxe6 Qe7 13. Nd4 d5 14. 0-0 dxe4 15. Re1 Qc5 16. Be3 Qb4 17. Nb3 Qd6 18. Bd4 Qe6 19. fxe4 Bc5 20. Nxc5 bxc5 21. e5 Ng4 22. Be3 Nxe3 23. Rxe3 0-0 24. Qe2 Rce8 25. Na4 Rf5 26. Re1 Rxe5 27. Nxc5 Rxe3 28. Nxe6 Rxe2 29. Rxe2 Bd5 30. Nd4 Rxe2 31. Nxe2 Bxa2 32. b3 Nc5 33. Nc3 Bxb3 34. cxb3 Nxb3 0-1

[Event "Armavir-ch"]
[Site "Armavir"]
[Date "2014.05.04"]
[Round "5"]
[White "Kvanin, Georgy"]
[Black "Airapetian, Eduard"]
[Result "1-0"]
[WhiteElo "1956"]
[BlackElo "2032"]
[PlyCount "91"]
[EventDate "2014.04.30"]
[EventType "swiss"]
[EventRounds "9"]
[EventCountry "RUS"]
[SourceTitle "CBM 160 Extra"]
[Source "ChessBase"]
[SourceDate "2014.07.01"]
[SourceVersion "1"]
[SourceVersionDate "2014.07.01"]
[SourceQuality "1"]

1. e4 b6 2. d4 Bb7 3. Bd3 e6 4. Nf3 d6 5. 0-0 Nd7 6. Re1 Ne7 7. Bg5 h6 8. Bh4 g5 9. Bg3 Bg7 10. c3 a6 11. Nbd2 Ng6 12. e5 Nf4 13. Be4 Bxe4 14. Rxe4 d5 15. Re3 Ng6 16. c4 dxc4 17. Nxc4 h5 18. h3 g4 19. hxg4 hxg4 20. Nh2 Bh6 21. Re4 Qe7 22. d5 exd5 23. Qxd5 0-0 24. Rxg4 Kh7 25. f4 Qc5+ 26. Qxc5 Nxc5 27. Nf3 f5 28. exf6 Rxf6 29. f5 Rxf5 30. Bxc7 b5 31. Rxg6 bxc4 32. Rg4 Rc8 33. Bg3 Nd3 34. Rf1 Nxb2 35. Re1 Rf7 36. Rh4 Rc6 37. Ng5+ Kg8 38. Nxf7 Kxf7 39. Be5 Nd3 40. Rf1+ Kg6 41. Bc3 Be3+ 42. Kh2 Kg5 43. g3 a5 44. Re4 Bb6 45. Bd2+ Kh5 46. Rh4+ 1-0

[Event "Lazarevskoe op"]
[Site "Lazarevskoe"]
[Date "2013.06.??"]
[Round "5"]
[White "Airapetian, Eduard"]
[Black "Todua, Anastasia"]
[Result "1-0"]
[WhiteElo "2047"]
[BlackElo "1664"]
[PlyCount "59"]
[EventDate "2013.06.03"]
[EventType "swiss"]
[EventRounds "9"]
[EventCountry "RUS"]
[SourceTitle "EXT 2015"]
[Source "ChessBase"]
[SourceDate "2014.11.20"]
[SourceVersion "1"]
[SourceVersionDate "2014.11.20"]
[SourceQuality "1"]

1. e4 c5 2. b3 Nc6 3. Bb2 e5 4. f4 Bd6 5. Nf3 Qc7 6. Nc3 Nge7 7. Nb5 Qb8 8. Nxd6+ Qxd6 9. Nxe5 0-0 10. Qf3 Ng6 11. Nxg6 fxg6 12. Bc4+ Kh8 13. e5 Qe7 14. 0-0-0 d6 15. Rhe1 dxe5 16. Bxe5 Nxe5 17. Rxe5 Qf6 18. Qe3 Bd7 19. g3 Bc6 20. Re1 b5 21. Bf1 Rae8 22. Qxc5 g5 23. Bxb5 Bxb5 24. Qxb5 Rxe5 25. Qxe5 Qxe5 26. fxe5 Kg8 27. d4 Kf7 28. Rf1+ Ke7 29. Rxf8 Kxf8 30. d5 1-0

[Event "Belorechensk Seniors op"]
[Site "Belorechensk"]
[Date "2013.02.20"]
[Round "8"]
[White "Pogrebnoy, Evgeny"]
[Black "Airapetian, Eduard"]
[Result "0-1"]
[WhiteElo "2028"]
[BlackElo "1997"]
[PlyCount "90"]
[EventDate "2013.02.13"]
[EventType "swiss"]
[EventRounds "9"]
[EventCountry "RUS"]
[SourceTitle "CBM 153 Extra"]
[Source "ChessBase"]
[SourceDate "2013.04.22"]
[SourceVersion "1"]
[SourceVersionDate "2013.04.22"]
[SourceQuality "1"]

1. e4 c5 2. Nf3 Nc6 3. Bb5 d6 4. 0-0 e5 5. h3 g6 6. c3 a6 7. Ba4 b5 8. Bb3 Bg7 9. Bd5 Nge7 10. d4 exd4 11. cxd4 Nxd5 12. exd5 Nxd4 13. Nxd4 cxd4 14. Re1+ Kf8 15. a4 bxa4 16. Qxa4 Bb7 17. Qb4 Bxd5 18. Bf4 h6 19. Bxd6+ Kg8 20. Be5 Qg5 21. Bg3 Kh7 22. h4 Qd8 23. Ra5 h5 24. Nd2 Bf6 25. Be5 Bxe5 26. Rxe5 Be6 27. Nf3 Re8 28. Ng5+ Kg7 29. Nxe6+ Rxe6 30. Rxe6 fxe6 31. Qb7+ Kh6 32. Rg5 Qe8 33. Qe4 Rd8 34. Qf4 Kh7 35. Qe4 d3 36. Rxh5+ Kg8 37. Rg5 d2 38. Rxg6+ Kf7 39. Rg3 d1Q+ 40. Kh2 Qh5 41. Qf4+ Qf5 42. Qc7+ Qd7 43. Qc3 Qd4 44. Qc7+ Rd7 45. Qc8 Qxh4+ 0-1

[Event "Sochi op"]
[Site "Sochi"]
[Date "2011.06.24"]
[Round "8"]
[White "Bondarev, Boris"]
[Black "Airapetian, Eduard"]
[Result "1-0"]
[WhiteElo "2116"]
[BlackElo "2020"]
[PlyCount "45"]
[EventDate "2011.06.17"]
[EventType "swiss"]
[EventRounds "9"]
[EventCountry "RUS"]
[SourceTitle "EXT 2012"]
[Source "ChessBase"]
[SourceDate "2011.11.24"]
[SourceVersion "1"]
[SourceVersionDate "2011.11.24"]
[SourceQuality "1"]

1. e4 Nf6 2. Nc3 d5 3. e5 d4 4. exf6 dxc3 5. fxg7 cxd2+ 6. Qxd2 Qxd2+ 7. Bxd2 Bxg7 8. 0-0-0 Bf5 9. f3 Nd7 10. g4 Bg6 11. Ne2 0-0-0 12. h4 h5 13. g5 Ne5 14. Bh3+ e6 15. Bc3 Rhg8 16. Nf4 Rge8 17. Nxg6 Nxg6 18. Bxg7 Nf4 19. b3 Ne2+ 20. Kb2 Nf4 21. Rxd8+ Kxd8 22. Be5 Ng6 23. Bg3 1-0

[Event "Sochi op"]
[Site "Sochi"]
[Date "2011.06.23"]
[Round "7"]
[White "Airapetian, Eduard"]
[Black "Gutkis, Vladimir"]
[Result "1/2-1/2"]
[WhiteElo "2020"]
[BlackElo "2260"]
[PlyCount "121"]
[EventDate "2011.06.17"]
[EventType "swiss"]
[EventRounds "9"]
[EventCountry "RUS"]
[SourceTitle "EXT 2012"]
[Source "ChessBase"]
[SourceDate "2011.11.24"]
[SourceVersion "1"]
[SourceVersionDate "2011.11.24"]
[SourceQuality "1"]

1. e4 d5 2. exd5 Qxd5 3. Nc3 Qa5 4. d4 Nf6 5. Bc4 Bg4 6. f3 Bf5 7. Nge2 c6 8. g4 Bg6 9. Bd2 Qb6 10. Na4 Qd8 11. Bb3 e6 12. Nac3 Bd6 13. Bf4 h5 14. Bxd6 Qxd6 15. g5 Nd5 16. Qd2 Nd7 17. Ne4 Qc7 18. c4 Ne7 19. Nf4 Bxe4 20. fxe4 e5 21. dxe5 Qxe5 22. 0-0-0 0-0-0 23. Nd3 Qc7 24. Qf2 Ne5 25. Nxe5 Qxe5 26. Qxa7 Qxg5+ 27. Kb1 Qe5 28. c5 Qxe4+ 29. Ka1 Qf4 30. Bxf7 Rxd1+ 31. Rxd1 Kc7 32. Be6 Nd5 33. Bxd5 cxd5 34. Qb6+ Kb8 35. c6 Qc7 36. Qxc7+ Kxc7 37. Rxd5 Kxc6 38. Rg5 Rf8 39. a3 h4 40. Rg6+ Rf6 41. Rg4 g5 42. Rxg5 Rf2 43. Ka2 Rxh2 44. Kb3 h3 45. Rh5 Rh1 46. Kb4 Kb6 47. Rh6+ Ka7 48. a4 h2 49. a5 Kb8 50. Kb5 Ka7 51. b4 Rg1 52. Rxh2 Rg5+ 53. Ka4 Rf5 54. Rh4 Rg5 55. b5 Rg1 56. Kb4 Rb1+ 57. Kc5 Rc1+ 58. Rc4 Ra1 59. Kb4 Rb1+ 60. Kc5 Ra1 61. Kb4 1/2-1/2

[Event "Sochi op"]
[Site "Sochi"]
[Date "2011.06.21"]
[Round "5"]
[White "Airapetian, Eduard"]
[Black "Barsegian, Ararat"]
[Result "1/2-1/2"]
[WhiteElo "2020"]
[BlackElo "2154"]
[PlyCount "117"]
[EventDate "2011.06.17"]
[EventType "swiss"]
[EventRounds "9"]
[EventCountry "RUS"]
[SourceTitle "EXT 2012"]
[Source "ChessBase"]
[SourceDate "2011.11.24"]
[SourceVersion "1"]
[SourceVersionDate "2011.11.24"]
[SourceQuality "1"]

1. e4 e5 2. Nf3 d6 3. d4 Nd7 4. dxe5 dxe5 5. Bc4 c6 6. 0-0 Be7 7. Qe2 h6 8. a3 Ngf6 9. Rd1 Qc7 10. Nbd2 0-0 11. Nf1 Nc5 12. Ng3 b5 13. Ba2 Nh7 14. b4 Ne6 15. Bb2 Nf4 16. Qd2 Ng6 17. Nf5 Bf6 18. Qd6 Qb6 19. Qc5 Ng5 20. Nxg5 hxg5 21. g3 Bxf5 22. exf5 Ne7 23. g4 Rfd8 24. Qxb6 axb6 25. c4 e4 26. Bxf6 Rxd1+ 27. Rxd1 gxf6 28. cxb5 Rxa3 29. Bc4 Rc3 30. Bf1 Nd5 31. bxc6 Nxb4 32. Rd4 Nxc6 33. Rxe4 Ne5 34. h3 Rb3 35. f4 gxf4 36. Rxf4 b5 37. Kg2 Rb1 38. h4 b4 39. g5 Kg7 40. Re4 b3 41. Rb4 Rb2+ 42. Kg3 Rb1 43. Be2 b2 44. Kg2 Nc6 45. Rb7 Ne5 46. Kf2 Rh1 47. gxf6+ Kxf6 48. Rxb2 Nd3+ 49. Kg2 Nxb2 50. Kxh1 Na4 51. Bd3 Nc5 52. Bc2 Nb7 53. Kg2 Nd6 54. Kf3 Nxf5 55. Bxf5 Kxf5 56. Kg3 f6 57. Kf3 Kg6 58. Kg4 f5+ 59. Kf4 1/2-1/2

[Event "Yuzhny FO-ch op"]
[Site "Armavir"]
[Date "2011.03.20"]
[Round "9"]
[White "Baraeva, Irina"]
[Black "Airapetian, Eduard"]
[Result "1-0"]
[WhiteElo "2176"]
[BlackElo "2036"]
[PlyCount "77"]
[EventDate "2011.03.12"]
[EventType "swiss"]
[EventRounds "9"]
[EventCountry "RUS"]
[SourceTitle "CBM 141 Extra"]
[Source "ChessBase"]
[SourceDate "2011.05.03"]
[SourceVersion "1"]
[SourceVersionDate "2011.05.03"]
[SourceQuality "1"]

1. d4 Nc6 2. Nf3 d5 3. Bf4 Nf6 4. e3 e6 5. c4 Bd6 6. Bg3 a6 7. Nc3 dxc4 8. Bxc4 b5 9. Bb3 Bxg3 10. hxg3 Bb7 11. a3 Qd7 12. Qd3 0-0-0 13. Rc1 Kb8 14. a4 Na5 15. Bd1 b4 16. Na2 Qe7 17. Qd2 Nc6 18. Be2 e5 19. Rxc6 Bxc6 20. Nxb4 Bb7 21. Nxe5 Qe6 22. Bc4 Qxe5 23. dxe5 Rxd2 24. Kxd2 Ne4+ 25. Ke2 a5 26. Nd3 Ng5 27. f3 Ne6 28. Rc1 h5 29. Bxe6 fxe6 30. Nc5 Bc8 31. Nb3 Bd7 32. Rc4 g5 33. Nxa5 h4 34. Rg4 h3 35. gxh3 Rxh3 36. b3 Rh5 37. Kd3 Be8 38. f4 Ka7 39. Nc4 1-0